| 000 | 00410nam a2200169Ia 4500 | ||
|---|---|---|---|
| 001 | 35621 | ||
| 003 | IN-NITTTR | ||
| 005 | 20251114233433.0 | ||
| 008 | 251113s9999||||xx |||||||||||||| ||eng|| | ||
| 040 | _beng | ||
| 040 | _cIN-NITTTR | ||
| 041 | _aeng | ||
| 082 | _aQA76.9.I58 B48 2013 | ||
| 100 | _aBhuiyan, Touhid. | ||
| 245 | 0 |
_aTrust for Intelligent Recommendation / _cBhuiyan, Touhid. |
|
| 942 |
_2ddc _cBK |
||
| 999 |
_c35288 _d35288 |
||